000 00648nam a22002177a 4500
003 BUBTL
008 160801b xxu||||| |||| 00| 0 eng d
020 _a978-0-07-107010-2
082 _a537.622 / NES
100 _9426
_aNeamen, Donald A.
245 _aSemiconductor Physics and Devices /
_cDonald A. Neamen , Dhrubes Biswas
250 _a4th ed.
260 _aNew Delhi :
_bMcGraw Hill Education( India) Private Limited
_cc2003.
300 _axxv,500 p.
_c23 cm.
650 0 _9239
_aEEE
700 _92388
_a Biswas, Dhrubes
760 _b4th
856 _k0
_l0
_yDownload
942 _2ddc
_cBK
999 _c5304
_d5304